Villes des Etats-Unis - Mort subite - Statistiques

Statistiques générales
  • Ce quiz a été pris 380 fois
    351 depuis la dernière actualisation
  • Le résultat moyen est 16 sur 22
Answers on the Grid
Answers color-coded by a green-red scale on the quiz's grid according to % correct below.
Austin
Blackburn
Bolton
Boston
Bradford
Bristol
Charlotte
Columbus
Dallas
Denver
Detroit
El Paso
Fort Worth
Houston
Indianapolis
Jacksonville
Kingston upon Hull (Hull)
Leicester
Louisville
Luton
Memphis
Middlesbrough
Milwaukee
Nashville
New York
Oldham
Phoenix
Reading
Salford
San Jose
Wolverhampton
Sheffield
Slough
Sunderland
Walsall
Seattle
 
Statistiques - réponses
Réponse % Correct
Austin
94%
Boston
91%
Dallas
89%
New York
89%
Denver
86%
Indianapolis
86%
Detroit
85%
Houston
85%
Memphis
85%
Seattle
84%
Phoenix
83%
Nashville
81%
Jacksonville
80%
Charlotte
75%
Milwaukee
70%
Columbus
68%
Louisville
67%
San Jose
64%
El Paso
56%
Fort Worth
44%
Bristol
9%
Reading
7%
Aucun quiz correspondant
Distribution des résultats
% des personnes avec chaque résultat
Percentile par nombre de réponses
Votre historique - résultats
Vous n’avez pas pris ce quiz depuis la dernière actualisation